000 00628nam a22002057a 4500
005 20130417112119.0
008 130417b xxu||||| |||| 00| 0 eng d
010 _aENG-106881
020 _a9789350591062
_c245.00
035 _aEN-90414
037 _bDBAD/PUB
040 _aDPL
_bEng
082 _a616.99449
100 _aSelvi Radhakrishna
245 _aAll about breast cancer /
_cby Selvi Radhakrishna
260 _aGurgaon
_bMacmillan Publishers
_c2012
270 _a3A, 5th Floor, DLF Corporate Park
_bGurgaon
_e122002
300 _axiv,112p. :
_c22cm(pbk)
_bill.
942 _2ddc
_cEN
_h616.99449
_mSEL
999 _c74635
_d74635